| 000 | 00855nam a2200193 i 4500 | ||
|---|---|---|---|
| 001 | 73917 | ||
| 003 | ES-MaACL | ||
| 005 | 20250620063017.0 | ||
| 007 | t| | ||
| 008 | 040913s1906 fr ||||1| fre d | ||
| 100 | 1 |
_aBiron, Armand-Louis de Gontaut, _d1747-1793 _958260 |
|
| 245 | 1 | 3 |
_aUn duc et pair au service de la Révolution _b: Le duc de Lauzun (Général Biron) 1791-1792 : correspondance intime, publiée pour la première fois in-extenso sur le manuscrit original des archives historiques du Ministère de la guerre / _cpar le comte de Lort de Sérignan. |
| 260 |
_aParis : _bPerrin, _c1906 ( _eMayenne : _fCh. Colin) |
||
| 300 |
_a329 p. ; _c20 cm. |
||
| 651 | 4 |
_aFrancia- _xHistoria- _y1789-1799, Revolución _98685 |
|
| 700 | 1 |
_aSérignan, Arthur de Lort _c, Comte de. _9133097 |
|
| 852 |
_aES-MaACL _jD-1327 |
||
| 999 |
_c73917 _d73917 |
||